000 00458nam a22001817a 4500
003 LK-CoDNM
005 20250224111814.0
008 250224b |||||||| |||| 00| 0 eng d
040 _aLK-CoDNM
_dLK-CoDNM
_eLK-CoDNM
041 _aeng
080 _aRC
_b351
100 _aUnknown
245 _aCeylon Papers
_bAffairs of Ceylon
260 _aLondon
_bClows and Sons
_c1849
300 _a378p. : ill , map , 34 cm
650 _aCeylon Papers
942 _cBK
999 _c238339
_d238339